Statistics for Biggest Cities in Southern Africa

Click here to take the quiz!

General Stats

  • This quiz has been taken 232 times
    (123 since last reset)
  • The average score is 12 of 15

Answer Stats

PopulationCountryCity% Correct
9,167,045South AfricaJohannesburg
100%
4,004,793South AfricaCape Town
99%
2,437,000South AfricaPretoria
95%
1,485,231ZimbabweHarare
94%
6,759,313AngolaLuanda
94%
2,717,437MozambiqueMaputo
92%
3,661,911South AfricaDurban
90%
1,747,152ZambiaLusaka
88%
759,693South AfricaBloemfontein
83%
1,263,051South AfricaPort Elizabeth
83%
989,318MalawiLilongwe
81%
810,528South AfricaEast London
50%
800,264MalawiBlantyre
47%
653,337ZimbabweBulawayo
42%
679,766South AfricaPietermaritzburg
32%

Score Distribution

Percentile by Number Answered

Percent of People with Each Score

Your Score History

You have not taken this quiz since the last reset